000 01034nam a2200289Ia 4500
003 OSt
005 20220923225228.0
006 a|||||r|||| 00| 0
007 ta
008 220922b |||||||| |||| 00| 0 pan d
020 _c225
024 _a260,761
037 _b643, 22/03/2012, H.K. Prakashan
_cTextual
040 _aARTS
_cARTS
_bpan
041 _2pan
_apan
082 _aO153v, P5
100 _aਕਾਂਗ, ਕੁਲਬੀਰ ਸਿੰਘ
245 0 _aਪੰਜਾਬੀ ਕਿੱਸਾ ਕਾਵਿ ਦਾ ਇਤਿਹਾਸ
260 _aਦਿੱਲੀ
_b ਪੰਜਾਬੀ ਅਕਾਦਮੀ
_c2005
300 _a254ਪੰ
_ccm.
490 _aਪੰਜਬੀ ਸਾਹਿਤ ਦਾ ਇਤਿਹਾਸ
650 _a ਪੰਜਾਬੀ ਕਾਵਿ
650 _a ਪੰਜਾਬੀ ਕਾਵਿ
650 _aਪੰਜਾਬੀ ਸਾਹਿਤ
942 _hO153v, P5
_cTEXL
_2CC
999 _c376856
_d376856